Smelšie vpred okresné roľnícke noviny

Bibliographic Details
Corporate Authors: Želiezovce Okresný národný výbor (Publisher), Nitrianske tlačiarne, n.p. (Nitra) prevádzka Levice (tlač.), Západoslovenské tlačiarne, n.p. (Bratislava, Slovensko) prevádzka Levice (tlač.)
Format: Journal
Language:Slovak
Hungarian
PhysicalDescription:8 roč. 31 x 21 cm
Published: Želiezovce ONV v Želiezovciach 1953-11/VII 1957
Želiezovce
Subjects:

MARC

LEADER 00000nas a22000001a 4500
001 vtls010302223
003 SK-MaSNL
005 20260228163403.0
008 110810d19531960xo wr p r 0 b0slo
015 |a SNBDS17XX9999 
015 |a 1466  |2 Balúnová 1945-60 
038 |a SNKBUDS 
040 |a SNK  |b slo  |c SNK  |e AACR2 
041 0 |a slo  |a hun 
044 |a xo  |c SK 
080 |a 63  |2 2001 
245 0 0 |a Smelšie vpred  |b okresné roľnícke noviny 
246 1 1 |a Bátrabban előre  |b Járási Földműves Lap 
260 |a Želiezovce  |b ONV v Želiezovciach  |c 1953-11/VII 1957 
260 3 |3 12/VII 1957-1960  |a Želiezovce  |b ONV v Želiezovciach 
300 |a 8 roč.  |c 31 x 21 cm 
310 |a 1x týždenne  |b 14/III 1954-1960 
321 |a 2x mesačne  |b 1953-13/III 1954 
362 0 |a Roč. II, č. 1 (1953)-roč. X, č. 5 (29.2.1960) 
500 |a Vych. v Želiezovciach 2x mesačne, od 14/III (5. aug. 1954) týždenne, vo formáte 31 x 21 cm, od 3/III (1. apr. 1954) 43 x 30 cm 
500 |a Red. J. Sokol, zodp. red., od 5/III (1. mája 1954) František Pastor, od 20/V (7. júna 1956) V. Fapšo s red. radou 
500 |a Vyd. ONV, IX. referát v Želiezovciach, od 25/III (22. nov. 1954) ONV, pôdohosp. odbor, od 12/VII (13. marca 1957) Rada ONV v Želiezovciach 
500 |a Tlač. Nitrianske tlačiarne, n. p., Nitra, prev. v Leviciach, od 14/VIII (3. apr. 1958) Západoslov. tlačiarne, n. p., prev. 12 v Leviciach 
500 |a Od 44/1956 (18. dec. 1956) zmenili roč. V. na roč. VI. V roč. VII 23. aug. a 22. sept. 1957 dve mimor. č. Športové vydanie. Noviny zanikli č. 5/X (febr. 1960) v súvislosti s územnou reorganizáciou. Pov. PIO č. 2925/52-IV/2 z 29. febr. 1952 
505 8 0 |g Roč. II. 1953 11 č. po 4 s. 
505 8 0 |g Roč. III. 1954 28 č. po 2-6 s. 
505 8 0 |g Roč. IV. 1955 30 č. po 2-4 s. 
505 8 0 |g Roč. V./VI. 1956 46 č. po 2-4 s. 
505 8 0 |g Roč. VII. 1957 52 č. po 2-4 s. 
505 8 0 |g Roč. VIII. 1958 52 č. po 2-4 s. 
505 8 0 |g Roč. IX. 1959 52 č. po 2-4 s. 
505 8 0 |g Roč. X. 1960 5 č. po 4 s. 
546 |a Príspevky aj v maď. jaz. 
650 0 7 |a poľnohospodárstvo  |2 SNKPH  |9 679 
655 7 |a odborné časopisy  |2 SNKBUDS  |9 70505 
700 1 |a Sokol, J.  |4 red  |9 273853 
700 1 |a Pastor, František,  |4 red  |9 273854 
700 1 |a Fabšo, V.  |4 red  |9 273855 
710 1 |a Želiezovce  |b Okresný národný výbor  |e vydav.  |9 273856 
710 2 |a Nitrianske tlačiarne, n.p. (Nitra)  |b prevádzka Levice  |e tlač.  |9 273857 
710 2 |a Západoslovenské tlačiarne, n.p. (Bratislava, Slovensko)  |b prevádzka Levice  |e tlač.  |9 269966 
852 |a SNK  |b 10000  |h ČSB 886 
852 |a UKB  |b 300000  |h SB 1213 
852 |a SVKKK  |b 900000  |h E 27 
852 |a UKB  |b 300000  |h XX B 808 
999 |c 9347  |d 11277 
952 |0 0  |1 0  |4 0  |7 0  |a SNK  |b SNK  |d 2012-02-24  |i snkII. 1615/55  |l 0  |o snkČSB 886/3/1954 D1  |p 17A0886923  |r 2026-02-21 20:17:38  |t č. 1-28;  |w 2026-02-21  |y PREZ 
952 |0 0  |1 0  |4 0  |7 0  |a SNK  |b SNK  |d 2020-07-07  |i snkII. 1355/54  |l 0  |o snkČSB 886/2/1953 D1  |p 17A1347262  |r 2026-02-21 22:01:56  |t č. 1-11  |w 2026-02-21  |y PREZ 
952 |0 0  |1 0  |4 0  |7 0  |a SNK  |b SNK  |d 2020-07-07  |i snkČSP 397/56  |l 0  |o snkČSB 886/4/1955 D1  |p 17A1347261  |r 2026-02-21 22:01:56  |t č. 1-30  |w 2026-02-21  |y PREZ 
952 |0 0  |1 0  |4 0  |7 0  |a SNK  |b SNK  |d 2020-07-07  |i snkČSP 380/57  |l 0  |o snkČSB 886/5/1956 D1  |p 17A1347260  |r 2026-02-21 22:01:56  |t č. 1-46  |w 2026-02-21  |y PREZ 
952 |0 0  |1 0  |4 0  |7 0  |a SNK  |b SNK  |d 2020-07-07  |i snkČSP 669/58  |l 0  |o snkČSB 886/7[6]/1957 D1  |p 17A1347259  |r 2026-02-21 22:01:56  |t č. 1-52  |w 2026-02-21  |y PREZ 
952 |0 0  |1 0  |4 0  |7 0  |a SNK  |b SNK  |d 2020-07-07  |i snkČSP 677/59  |l 0  |o snkČSB 886/8[7]/1958 D1  |p 17A1347258  |r 2026-02-21 22:01:56  |t č. 1-52  |w 2026-02-21  |y PREZ 
952 |0 0  |1 0  |4 0  |7 0  |a SNK  |b SNK  |d 2020-07-07  |i snkČSP 1257/60  |l 0  |o snkČSB 886/9[8]/1959 D1  |p 17A1347257  |r 2026-02-21 22:02:00  |t č. 1-52  |w 2026-02-21  |y PREZ